MDQL
is popping MORE tags! Check the
thread
!
Quizzes
Events
Quiz Creation
Community
Videos
Private Events
Remove Ads
Sign In
Join for FREE
Feedback
Dark Mode
Quiz Categories
Sports
Geography
Music
Movies
Television
Just For Fun
Miscellaneous
History
Literature
Language
Science
Gaming
Entertainment
Religion
Holiday
For Kids
Quiz Lab
Recent
Popular Today
Quiz Kudos Today
Editor Picks
Curator Picks
Quizzes by...
Day
Popularity
Type
Ratings
Length
Year
Community
Subscriptions
Recent Discussions
Orange Saloon
Badges
Playlists
Quests
Create
Leaderboards
Showdown
Live 5
Trivia Bingo
Activity
Puzzle Library
Sporcle Events
Private Events
Virtual Trivia
Globe League
Become a Host
Pub Owners
SporcleCon
Opinionation
Our Games
Videos
Blog
Mobile Apps
Partnerships
Remove Ads and Go Orange
Feedback
Movies
Disney
Marvel Cinematic Universe
Movie Resume
Movie Titles
Oscar
Actor
Actress
Director
Pixar
Role
Movie Quotes
Movie Characters
Box Office
Nominee
Best Picture
Star Wars
James Bond
Horror Movies
Movies
Disney
Marvel Cinematic Universe
Movie Resume
Movie Titles
Oscar
Actor
Actress
Director
Pixar
Role
Movie Quotes
Movie Characters
Box Office
Nominee
Best Picture
Star Wars
James Bond
Horror Movies
Random Quiz
Search Sporcle
×
Quiz Lab
Quiz Lab
Movies
Movie Titles
Type in answers that appear in a list
Type in answers that appear in a list
Classic
Best Score? Go Orange.
Shawshank Redemption Trivia 101 Stats
Can you name the Shawshank Redemption Trivia?
By
dchip81
5m
35 Questions
1,537 Plays
1,537 Plays
1,537 Plays
Comments
Comments
Give Quiz Kudos
Give Quiz Kudos
-
- Ratings
hide this ad
Forced Order
Answers have to be entered in order
Answers have to be entered in order
Replay
Link that replays current quiz
Next Quiz
Link to next quiz in quiz playlist
You Got
0%
They Got
Avg Score
57%
Avg Friend Score
Upgrade to see
Score Distribution
Jump to the score distribution portion of the page
Score
0/35
Timer
05:00
0
Plays Today
Question
Answer
% Correct
What crime is he on trial for
Murder
99.1%
What is the main character's friend named
Ellis Boyd Redding
95.1%
What is his name
Andy Dufresne
94.9%
Who plays this character
Morgan Freeman
93%
What is his sentence
2 life sentences
90.7%
How many bullets were fired into the victims
Eight
90.4%
What does the main character first want from his buddy
rock hammer
87.2%
What actor plays the main character
Tim Robbins
83.7%
What state is the main character on trial for
Maine
77.7%
How many bullets does the warden have put in him
4
70.8%
Who cries on the first night in prison
The Fat Guy
69.6%
What are his 'goons' nicknamed
The Sisters
62.8%
How many beers per person does he ask as a price of helping Captain Hadley
3
59.1%
Who helps Hadley with his dilemna
Andy
58.9%
What place does Brooks work
Library
58%
What animal does Brooks help into adulthood
Crow
57.6%
What month was it when the cons got out tarring roofs
May
57.1%
Who speaks of this
Tommy Williams
55%
Question
Answer
% Correct
Playing music on the loud speaker gets the main character how long in 'the hole'
2 weeks
53.5%
What does the main character help him achieve
High School GED
51.9%
What's the warden's name
Warden Norton
47.6%
Who places a bet on him for cigarettes
Heywood
47%
How many yards of poo did the main character crawl through on his escape
500
47%
Who leads the rapes on the main character
Bogs Diamond
46.2%
What is this animal's name
Jake
46.2%
What is his average
C+
46.1%
Greatest Movie Ever
The Shawshank Redemption
42.4%
Who really commited the crime
Elmo Blatch
40.5%
Captain Hadley gets money from his deceased brother. How much?
$35,000
34%
What is he in prison for
Stealing T.V.s
32.5%
Who gives the main character 6 feet of rope the day before his escape
Heywood
32%
What's his name in the cast
Fat Ass
30%
What program does he create
Inside Out Program
27.3%
What movie do the convicts watch which stars Rita Hayworth
Gilda
15.4%
What type of beer is it
Suds
7.9%
Quiz Playlist
Details
Report
Send in Message
Add To Playlist
Classic:
Type in answers that appear in a list
Forced Order:
Answers have to be entered in order
Last Updated: Feb 16, 2017
Quiz Scoreboard
CHALLENGE
Sign Up to Join the Scoreboard
Show All
Scores
Hide
Comments
May contain spoilers
Recently Published
Colored Red Africa Blitz
by spor1
Geography
30s
Find the 'City' Movie
by crazypaving
Movies
60s
5x2 Blitz: Bands
by SL_Kpop136
Music
30s
More to Explore
Quiz From the Vault
Featured Blog Post
14 Easter Pick-up Lines to Find Eggs With
hide this ad
You Might Also Like...
Tags
Movie Titles Quiz
Shawshank Redemption
Today's Top Quizzes in Movies
Browse Movies
hide this ad
Today's Top Quizzes in Movie Titles
Browse Movie Titles
Top Contributed Quizzes in Movies
1
Find The 'Big' Movie
2
Find The 'Blue' Movie
3
Find The 'Wild' Movie
4
Hidden Star Wars Character II
5
Pick 5 Posters: Directed by Spielberg
6
Hidden Star Wars Character III
7
Hidden Star Wars Character IV
8
Movies By Plot
9
Alfred Hitchcock Movies by Plot
10
Hidden Star Wars Character V
Explore More
Trending Topics
Marvel
NBA
Crossword
Harry Potter
Disney
Kpop
Anime
Puzzle
Song
NFL
WWE
Soccer
The Office
Pokémon
Country
hide this ad
More By:
dchip81
Quiz
Plays
Rating
Category
Featured
Created
Workaholics 101
3,866
1.79
Television
Sep 26, 2011
Shawshank Redemption Trivia 101
1,537
2.45
Movies
Jun 16, 2011
Guess the Eminem Song
993
5.00
Music
Jun 18, 2011
Mac Miller Lyrics
927
3.00
Music
Jun 1, 2011
TCU Trivia
303
3.00
Sports
Jun 1, 2011
Go to Creator's Profile
Score Distribution
Quiz Creator Spotlight
dchip81
Follow
Send a Message
Quizzes Created
-
Created Quiz Play Count
-
More By This Creator
Popular Quizzes Today
1
5x2 Blitz: Bands
2
Find the 'City' Movie
3
Colored Red Africa Blitz
4
Find the US States - No Outlines Minefield
5
The Countries of the World
6
Find the US States
7
9x9 Crossword: Cartoon Network
8
US States
More Movies Quizzes
Marvel's The Avengers Cast Photo (Blitz)
Quiz Lab
Trending Quizzes
Colored Red Africa Blitz II
Colored Red Europe Blitz I
Christmas Pick: Judaism
Colored Red Africa Blitz III
Colored Red Europe Blitz II
Recently Updated
Champions League XIs: Real Madrid
pecheneg
Largest US Cities 1790-2010
pecheneg
Rides in Walt Disney World
pecheneg
Most Oscar Losses (Acting)
pecheneg
Beyoncé Albums
pecheneg
Leaping Animals
pecheneg
Reality TV Shows (A-Z)
bhenderson79
Rickey Henderson's Hall of Fame Teammates
pecheneg
Champions League XIs: Arsenal
pecheneg
Quick Pick: Celebrities in WWE's Hall of Fame
aduchscher
Trending Topics
Kpop
Anime
Disney
NBA
Harry Potter
Crossword
Marvel
The Office
Puzzle
NFL
Country
WWE
Song
Soccer
Pokémon
Your Account Isn't Verified!
In order to create a playlist on Sporcle, you need to verify the email address you used during registration. Go to your
Sporcle Settings
to finish the process.
Report this User
Report this user for behavior that violates our
Community Guidelines
.
Details:
Send Report
Go to the Sporcle.com Mobile Site →
Comments